| 000 | 01030nmc a2200349 a 4500 | ||
|---|---|---|---|
| 003 | AR-BaBNM | ||
| 005 | 20251128205615.0 | ||
| 008 | 011101s1998 ||||||||||||||000 | spa|| | ||
| 020 | _a950-12-2129-6 | ||
| 040 | _cAR-BaBNM | ||
| 245 | 1 | 0 | _aLa evaluación de los aprendizajes en el debate didáctico contemporáneo |
| 250 | _a1ª ed. | ||
| 260 |
_aBuenos Aires _bPaidós _c1998 |
||
| 300 |
_a176 p. _btablas, gráfs. |
||
| 490 | 0 |
_aPaidós Educador _vv. 127 |
|
| 500 | _aContiene referencias bibliográficas | ||
| 650 | 4 | _aCRITERIOS DE EVALUACION | |
| 650 | 4 | _aEVALUACION DEL ALUMNO | |
| 650 | 4 | _aMETODOS DE EVALUACION | |
| 650 | 4 | _aTECNICAS DE EVALUACION | |
| 650 | 4 | _aAUTOEVALUACION | |
| 650 | 4 | _aCALIFICACIONES | |
| 650 | 4 | _aEVALUACION DEL DOCENTE | |
| 650 | 4 | _aPROMOCION DEL ALUMNO | |
| 653 | _aEVALUACION EDUCATIVA | ||
| 700 | 1 | _aCamilloni, Alicia R.W. de | |
| 700 | 1 | _aCelman, Susana | |
| 700 | 1 | _aLitwin, Edith | |
| 700 | 1 | _aPalou de Maté, María del Carmen | |
| 942 | _cBK | ||
| 998 | _carturo | ||
| 999 |
_c12108 _d12108 |
||